| 000 | 00676cam a2200241 a 4500 | ||
|---|---|---|---|
| 005 | 20260322212034.0 | ||
| 008 | data | ||
| 010 | _a 99049043 | ||
| 020 | _a0446676926 | ||
| 020 | _a9780446676922 | ||
| 040 |
_aDLC _cDLC _dDLC |
||
| 050 | 0 | 0 |
_aBF1045.L7 _bW45 2000 |
| 082 | 0 | 0 |
_a131 _221 |
| 092 | _a131.21 W45 2000 | ||
| 100 | 1 |
_aWeiss, Brian L. _d1944- _q(Brian Leslie), |
|
| 245 | 1 | 0 |
_aMessages from the masters : _btapping into the power of love / _cBrian L. Weiss. |
| 260 |
_aNew York : _bWarner Books, _cc2000. |
||
| 300 |
_a262 p. ; _c22 cm. |
||
| 650 | 0 |
_aLove _xMiscellanea. |
|
| 650 | 0 |
_aConduct of life _xMiscellanea. |
|
| 650 | 0 | _aReincarnation therapy. | |
| 001 | data | ||
| 999 |
_c780 _d780 |
||